000 00643nam a2200217 i 4500
001 54075
003 ES-MaACL
005 20250303062541.0
007 t|
008 031124s2001 sp |||| | spa d
020 _a84-931465-3-6
080 _a821.134.2-34"18"
100 1 _aPardo Bazán, Emilia,
_cCondesa de,
_d1851-1921
_9176434
245 1 0 _aCuentos policiacos /
_cEmilia Pardo Bazán ; selección y prólogo de Danilo Manera.
260 _aColmenar Viejo (Madrid) :
_bBercimuel,
_c2001.
300 _a177 p. ;
_c18 cm.
700 1 _aManera, Danilo.
_975979
852 _aES-MaACL
_jL-26688
942 _2udc
999 _c54075
_d54075